Finančná gramotnosť vo vzdelávaní s akcentom na súčasnú spoločenskú situáciu
Finančná gramotnosť v Slovenskej republike. Teoretické východiská finančnej gramotnosti. Výsledky testovania finančnej gramotnosti v PISA 2018 v Slovenskej republike.
Uložené v:
| Hlavný autor: | |
|---|---|
| Ďalší autori: | |
| Médium: | Kapitola |
| Jazyk: | Slovak |
| Predmet: | |
| Tagy: |
Žiadne tagy, Buďte prvý, kto otaguje tento záznam!
|
MARC
| LEADER | 00000naa a2200000 4500 | ||
|---|---|---|---|
| 001 | 0268721 | ||
| 005 | 20240502104231.7 | ||
| 041 | 0 | |a slo | |
| 044 | |a SK | ||
| 245 | 1 | 0 | |a Finančná gramotnosť vo vzdelávaní s akcentom na súčasnú spoločenskú situáciu |c Darina Orbánová, Ľudmila Velichová |
| 520 | |a Finančná gramotnosť v Slovenskej republike. Teoretické východiská finančnej gramotnosti. Výsledky testovania finančnej gramotnosti v PISA 2018 v Slovenskej republike. | ||
| 610 | 2 | 0 | |a gramotnosť finančná |
| 610 | 2 | 0 | |a rezervy finančné |
| 610 | 2 | 0 | |a financie |
| 610 | 2 | 0 | |a situácia finančná obyvateľstva |
| 100 | 1 | |a Orbánová, Darina | |
| 700 | 1 | |a Velichová, Ľudmila | |